<Die> Spezialfonds-Entwicklung bleibt positiv. 2.
Výsledky odpovedí kapitálových investičných spoločností ku štruktúre vlastníkov špeciálnych fondov. Špeciálne fondy cenných papierov podľa skupín kapitálových investičných spoločností v r. 1977-1991, počet vlastníkov a objem fondov. Posuny v podieloch na trhu. Publicita performance. Meranie performa...
Gespeichert in:
| 1. Verfasser: | |
|---|---|
| Format: | Buchkapitel |
| Sprache: | Deutsch |
| Schlagworte: | |
| Tags: |
Keine Tags, Fügen Sie das erste Tag hinzu!
|
MARC
| LEADER | 00000naa a2200000 4500 | ||
|---|---|---|---|
| 001 | r010315 | ||
| 005 | 20221130113438.9 | ||
| 041 | 0 | |a ger | |
| 044 | |a DE | ||
| 245 | 1 | 0 | |a <Die> Spezialfonds-Entwicklung bleibt positiv. 2. |c H.K. Kandlbinder |
| 520 | |a Výsledky odpovedí kapitálových investičných spoločností ku štruktúre vlastníkov špeciálnych fondov. Špeciálne fondy cenných papierov podľa skupín kapitálových investičných spoločností v r. 1977-1991, počet vlastníkov a objem fondov. Posuny v podieloch na trhu. Publicita performance. Meranie performance ako prvok externého portfoliomanažmentu. Špeciálne fondy a budúca daň z redukcie úrokov. | ||
| 610 | 2 | 0 | |a spoločnosti investičné |
| 610 | 2 | 0 | |a fondy investičné |
| 610 | 2 | 0 | |a papiere cenné |
| 610 | 2 | 0 | |a Nemecko |
| 610 | 2 | 0 | |a 1977-1991 |
| 610 | 2 | 0 | |a portfólio |
| 610 | 2 | 0 | |a výkonnosť |
| 610 | 2 | 0 | |a úrok |
| 100 | 1 | |a Kandlbinder, H.K. | |